书目信息 |
| 题名: |
体育发展战略研究与学科建设
|
|
| 作者: | 田麦久 著 | |
| 分册: | ||
| 出版信息: | 北京 北京体育大学出版社 2003.02 |
|
| 页数: | 361页 | |
| 开本: | 21cm | |
| 丛书名: | 北京体育大学科学文集 | |
| 单 册: | ||
| 中图分类: | G8 | |
| 科图分类: | ||
| 主题词: | 体育事业--ti yu shi ye--发展战略--研究 , 体育--ti yu--教学研究 | |
| 电子资源: | ||
| ISBN: | 7-81051-912-3 | |
| 000 | 00962nam0 2200265 450 | |
| 001 | 012007608006 | |
| 005 | 20071015132809.57 | |
| 010 | @a7-81051-912-3@dCNY25.00 | |
| 100 | @a20070428d2003 km y0chiy0120 ea | |
| 101 | 0 | @achi |
| 102 | @aCN@b110000 | |
| 105 | @aa a 000yy | |
| 200 | 1 | @a体育发展战略研究与学科建设@Ati yu fa zhan zhan lue yan jiu yu xue ke jian she@f田麦久著@Ftian mai jiu zhu |
| 210 | @a北京@c北京体育大学出版社@d2003.02 | |
| 215 | @a361页@c图@d21cm | |
| 225 | 2 | @a北京体育大学科学文集@Abei jing ti yu da xue ke xue wen ji |
| 320 | @a有书目。 | |
| 330 | @a本书收录了36篇论文,内容为作者在体育发展战略和体育学科建设这两个领域的研究成果,内容涉猎了研究生教育、残疾人体育、民族传统体育学领域等。 | |
| 410 | 0 | @12001 @a北京体育大学科学文集 |
| 606 | 0 | @a体育事业@Ati yu shi ye@x发展战略@x研究 |
| 606 | 0 | @a体育@Ati yu@x教学研究 |
| 690 | @aG8@v4 | |
| 701 | 0 | @a田麦久@Atian mai jiu@4著 |
| 801 | 0 | @aCN@c20071015 |
| 905 | @dG8@eT632 | |
| 体育发展战略研究与学科建设/田麦久著.-北京:北京体育大学出版社,2003.02 |
| 361页:图;21cm.-(北京体育大学科学文集) |
| ISBN 7-81051-912-3:CNY25.00 |
| 本书收录了36篇论文,内容为作者在体育发展战略和体育学科建设这两个领域的研究成果,内容涉猎了研究生教育、残疾人体育、民族传统体育学领域等。 |
| ● |
| 相关链接 |
|
|
|
正题名:体育发展战略研究与学科建设
索取号:G8/T632
 
预约/预借
| 序号 | 登录号 | 条形码 | 馆藏地/架位号 | 状态 | 备注 |
| 1 | 242336 | 202423369 | 社科库409/409社科库 19排2列3层/ [索取号:G8/T632] | 在馆 | |
| 2 | 651646 | 206516466 | 社科库409/409社科库 21排2列4层/ [索取号:G8/T632] | 在馆 | |
| 3 | 651647 | 206516475 | 社科库409/409社科库 21排2列4层/ [索取号:G8/T632] | 在馆 | |
| 4 | 651648 | 206516484 | 社科库409/409社科库 21排2列4层/ [索取号:G8/T632] | 在馆 |